Value added turnover tax

में बचाया:
ग्रंथसूची विवरण
स्वरूप: पुस्तक
भाषा:Undetermined
प्रकाशित: London Federation of British Industries 1963
विषय:
टैग : टैग जोड़ें
कोई टैग नहीं, इस रिकॉर्ड को टैग करने वाले पहले व्यक्ति बनें!
Thư viện lưu trữ: Trung tâm Học liệu Trường Đại học Cần Thơ
LEADER 00413nam a2200157Ia 4500
001 CTU_79905
008 210402s9999 xx 000 0 und d
082 |a 336.2 
082 |b V214 
245 0 |a Value added turnover tax 
260 |a London 
260 |b Federation of British Industries 
260 |c 1963 
650 |a Taxes 
904 |i Trọng Hải 
980 |a Trung tâm Học liệu Trường Đại học Cần Thơ